Folklore Argentino - Estadísticas

Estadísticas generales
  • Esta prueba ha sido intentada 17 veces
  • La puntuación promedio es 9 de 20
Estadísticas de respuestas
Imagen Respuesta % Correcto
Chaqueño Palavecino
100%
Mercedes Sosa
93%
Soledad Pastorutti
86%
Atahualpa Yupanqui
79%
Los Chalchaleros
64%
Horacio Guarany
57%
Peteco Carabajal
57%
Jorge Cafrune
50%
Teresa Parodi
50%
Los Fronterizos
43%
José Larralde
36%
Raly Barrionuevo
36%
Daniel Toro
29%
Duo Salteño
14%
Los Manseros Santiagueños
14%
Sergio Galleguillo
14%
Tamara Castro
14%
Bruja Salguero
7%
Los Cantores del Alba
7%
Suna Rocha
7%
No se encontraron pruebas coincidentes
Distribución de puntuación
Porcentaje de gente con cada puntuación
Porcentaje por número respondido
Historial de tus puntuaciones
No has intentado esta prueba.